| Tag |
First Indicator |
Second Indicator |
Subfields |
| LEADER |
00000cam a2200000 a 4500 |
| 001 |
in00000009306 |
| 005 |
20151007051522.0 |
| 008 |
870331s1987 enka b 10100 eng |
| 010 |
|
|
|a 87003400
|
| 020 |
|
|
|a 0745801455 :
|c £29.50
|
| 035 |
|
|
|a (OCoLC)15550315
|
| 035 |
|
|
|9 AAA3388AM
|
| 040 |
|
|
|a DLC
|c DLC
|d OCL
|d TXA
|d UtOrBLW
|
| 049 |
|
|
|a TXAM
|c [A11027957]
|
| 050 |
0 |
0 |
|a TP248.25.C44
|b P57 1987
|
| 082 |
0 |
|
|a 660/.6
|2 19
|
| 245 |
0 |
0 |
|a Plant and animal cells :
|b process possibilities /
|c editors, C. Webb, and F. Mavituna.
|
| 264 |
|
1 |
|a Chichester, West Sussex :
|b Ellis Horwood ;
|c 1987.
|
| 264 |
|
2 |
|a New York, NY :
|b Halsted Press [distributor],
|
| 300 |
|
|
|a 307 pages :
|b illustrations ;
|c 25 cm.
|
| 336 |
|
|
|a text
|b txt
|2 rdacontent
|
| 337 |
|
|
|a unmediated
|b n
|2 rdamedia
|
| 338 |
|
|
|a volume
|b nc
|2 rdacarrier
|
| 500 |
|
|
|a A conference organised by the Institution of Chemical Engineers and the University of Manchester Institute of Science and Technology.
|
| 504 |
|
|
|a Includes bibliographies and index.
|
| 650 |
|
0 |
|a Cell culture
|x Industrial applications
|x Congresses.
|
| 650 |
|
0 |
|a Biotechnology
|v Congresses.
|
| 700 |
1 |
|
|a Webb, Colin.
|
| 700 |
1 |
|
|a Mavituna, Ferda,
|d 1951-
|
| 710 |
2 |
|
|a Institution of Chemical Engineers (Great Britain)
|
| 710 |
2 |
|
|a University of Manchester.
|b Institute of Science and Technology.
|
| 999 |
|
|
|a MARS
|
| 999 |
f |
f |
|s 59e32937-7935-3ea0-9f43-e460d5dd0818
|i ef59315c-0ac8-3fb6-b08e-9b1ac34d0221
|t 0
|
| 952 |
f |
f |
|p ric
|a Texas A&M University
|b Rellis Campus
|c Joint Library Facility
|d Remote Storage
|t 0
|e TP248.25.C44 P57 1987
|h Library of Congress classification
|i unmediated -- volume
|m A14811027957
|
| 998 |
f |
f |
|a TP248.25.C44 P57 1987
|t 0
|l Remote Storage
|